Report on the National Workshop (Record no. 19193)

MARC details
000 -LEADER
fixed length control field 00517nam a2200169Ia 4500
082 ## - DEWEY DECIMAL CLASSIFICATION NUMBER
Classification number 614.546 SOC-;
245 #0 - TITLE STATEMENT
Title Report on the National Workshop
260 ## - PUBLICATION, DISTRIBUTION, ETC. (IMPRINT)
Place of publication Wardha
Name of publisher Centre for Social Science Research on Leprosy
Year of publication 1989
300 ## - PHYSICAL DESCRIPTION
Number of Pages vii, 312p.
650 ## - SUBJECT ADDED ENTRY--TOPICAL TERM
Topical Term Leprosy - Research
650 ## - SUBJECT ADDED ENTRY--TOPICAL TERM
Topical Term Leprosy - Diagnosis
650 ## - SUBJECT ADDED ENTRY--TOPICAL TERM
Topical Term Tropical disease
650 ## - SUBJECT ADDED ENTRY--TOPICAL TERM
Topical Term Social medicine
650 ## - SUBJECT ADDED ENTRY--TOPICAL TERM
Topical Term Tropical medicine - Social aspects
710 ## - ADDED ENTRY--CORPORATE NAME
Corporate name or jurisdiction name as entry element Social research methods for the study of tropical diseases
942 ## - ADDED ENTRY ELEMENTS (KOHA)
Koha item type Books
Holdings
Withdrawn status Lost status Damaged status Not for loan Home library Current library Date acquired Bill Date Full call number Accession Number Price effective from Koha item type
        NASSDOC Library NASSDOC Library 08/06/2004 2008-12-30 614.546 SOC-; 30512 18/04/2019 Books